Návrh sieťovej infraštruktúry pre vybrané pracovisko

Uložené v:
Podrobná bibliografia
Hlavný autor: Suliman, Tareif (Autor)
Ďalší autori: Vargic, Radoslav (Vedúci práce)
Médium: Rukopis Kniha
Jazyk:Slovak
Vydavateľské údaje: Bratislava : STU v Bratislave FEI, 2022
Predmet:
On-line prístup:https://opac.crzp.sk/?fn=detailBiblioFormChildY584G&sid=7E432E204D1F6C329D5E883802D8&seo=CRZP-detail-kniha
Tagy: Pridať tag
Žiadne tagy, Buďte prvý, kto otaguje tento záznam!

MARC

LEADER 00000ntm a22000003a 4500
001 stuzp88189
003 SK-STU
005 20230123142257.4
007 ta
008 150427s2015----xo-----f-mn---000-0-slo-d
040 |a STU  |b slo 
041 0 |a slo 
044 |a xo 
100 1 |a Suliman, Tareif  |u 037000  |4 aut  |U FEI Fakulta elektrotechniky a informatiky  |T FEI Ústav multimediálnych informačných a komunikačných technológií  |X 86902  |U E070  |Y 818  |7 86902 
242 0 1 |a Network infrastructure for specified organization  |y eng 
245 1 0 |a Návrh sieťovej infraštruktúry pre vybrané pracovisko 
260 |a Bratislava :  |b STU v Bratislave FEI,  |c 2022 
300 |a 70 s. 
650 4 |a Návrh sieťovej infraštruktúry  |2 slo 
650 4 |a SNMP  |2 slo 
650 4 |a VRRP  |2 slo 
650 4 |a Cisco  |2 slo 
650 4 |a Smerovanie  |2 slo 
650 4 |a Port Forward  |2 slo 
650 4 |a Vysoká dostupnosť  |2 slo 
650 4 |a VRRP  |2 eng 
650 4 |a Cisco  |2 eng 
650 4 |a Port Forward  |2 eng 
650 4 |a High Availability  |2 eng 
650 4 |a Network infrastructure design  |2 eng 
650 4 |a SNMP  |2 eng 
650 4 |a Routing  |2 eng 
700 1 |a Vargic, Radoslav  |u 037000  |k Z1  |4 ths  |U FEI Fakulta elektrotechniky a informatiky  |T FEI Ústav multimediálnych informačných a komunikačných technológií  |X 1918  |U E070  |Y 818  |7 A000001918 
856 4 |u https://opac.crzp.sk/?fn=detailBiblioFormChildY584G&sid=7E432E204D1F6C329D5E883802D8&seo=CRZP-detail-kniha